Imperial frontier : (Record no. 12648)

MARC details
000 -LEADER
fixed length control field 00609nam a22001932 4500
001 - CONTROL NUMBER
control field 0000001871
005 - DATE AND TIME OF LATEST TRANSACTION
control field 20151217155813.0
008 - FIXED-LENGTH DATA ELEMENTS--GENERAL INFORMATION
fixed length control field 070328s xx 000 0 eng d
040 ## - CATALOGING SOURCE
Original cataloging agency KABU
Transcribing agency KABU
050 #0 - LIBRARY OF CONGRESS CALL NUMBER
Classification number DT433.27
Item number .B37
100 1# - MAIN ENTRY--PERSONAL NAME
Personal name Barber, James.
-- 0000150934
245 10 - TITLE STATEMENT
Title Imperial frontier :
Remainder of title a study of relations between the British and the pastoral tribes of North East Uganda.
260 ## - PUBLICATION, DISTRIBUTION, ETC. (IMPRINT)
Place of publication, distribution, etc. Nairobi :
Name of publisher, distributor, etc. EAPH,
Date of publication, distribution, etc. 1968.
300 ## - PHYSICAL DESCRIPTION
Extent 232 p.
651 #0 - SUBJECT ADDED ENTRY--GEOGRAPHIC NAME
Geographic name Uganda
General subdivision History
Chronological subdivision 1890-1962.
-- 0000150935
908 ## - PUT COMMAND PARAMETER (RLIN)
Put command parameter 070328
950 ## - LOCAL HOLDINGS (RLIN)
-- 1
Holdings
Withdrawn status Lost status Source of classification or shelving scheme Not for loan Home library Current library Date acquired Total Checkouts Full call number Barcode Date last seen Price effective from Koha item type
    Library of Congress Classification   Kabarak, Main Campus Kabarak, Main Campus 17/12/2015   DT433.27 .B37 006532 17/12/2015 17/12/2015 Africana Collection
Designed with assistance from East African Informatics Ltd